000 00709nam a2200229Ia 4500
003 OSt
005 20220928103459.0
006 a|||||r|||| 00| 0
007 ta
008 220927b |||||||| |||| 00| 0 eng d
024 _a8935
037 _cTextual
040 _aSDCL
_cSDCL
_beng
041 _2eng
_aeng
082 _aO152,1J32,1:g, P8
100 _aPandey Shashibhooshan 'Sheetanshu'
_9404361
245 0 _aRamcharitmanas
_b Sanket-visanrachanatmak prokti-shaili-vaigyanik sandarbh.
260 _aDelhi
_bNational Publishing House
_c2008
300 _a218p
_ccm.
942 _hO152,1J32,1:g, P8
_cTEXL
_2CC
999 _c720106
_d720106